| 000 | 00583nam a2200181Ia 4500 | ||
|---|---|---|---|
| 003 | GCL | ||
| 008 | 140319s9999 xx 000 0 ara d | ||
| 040 |
_aGCL / _cGCL |
||
| 082 | 0 | 4 |
_a155.28 _bف ا |
| 100 | 1 | _aفتحى السيد عبدالرحيم | |
| 245 | 1 | 0 |
_aالدراسة المبرمجة للتخلف العقلى / _cفتحى السيد عبدالرحيم |
| 260 |
_a[S.N] : _bالنشرات الاسلامية ، _c1981 |
||
| 300 | _a335 ص | ||
| 490 | _a | ||
| 650 | 0 | 4 | _aعلم النفس العلاجى |
| 650 | 0 | 4 | _aاختبارات الذكاء |
| 942 |
_2ddc _cBK |
||
| 999 |
_c37993 _d37993 |
||